[Event "BEL-chT 2223"]
[Site "Belgium"]
[Date "2023.01.29"]
[Round "6.4"]
[White "Braun, Christian1111"]
[Black "Nottet, Tristan"]
[Result "1-0"]
[WhiteElo "2435"]
[BlackElo "1911"]
[PlyCount "61"]
[EventDate "2022.09.25"]
[EventType "team-tourn"]
[EventRounds "11"]
[EventCountry "BEL"]
[SourceTitle "CBM 213 Extra"]
[Source "ChessBase"]
[SourceDate "2023.05.31"]
[SourceVersion "1"]
[SourceVersionDate "2023.05.31"]
[SourceQuality "1"]
[WhiteTeam "Wirtzfeld"]
[BlackTeam "Liege Crelel"]
[WhiteTeamCountry "BEL"]
[BlackTeamCountry "BEL"]

1. e4 g6 2. d4 Bg7 3. Nc3 d6 4. Bg5 a6 5. h4 h6 6. Be3 b5 7. g4 Bb7 8. Bg2 Nd7 9. Nge2 Ngf6 10. Ng3 e6 11. 0-0 Nb6 12. b3 Nfd7 13. g5 c5 14. Nce2 hxg5 15. hxg5 Qe7 16. f4 cxd4 17. Nxd4 Rc8 18. Qd2 Nb8 19. Rad1 Qc7 20. Qf2 N6d7 21. f5 exf5 22. exf5 Ne5 23. fxg6 Nxg6 24. Ndf5 Be5 25. Bd4 Bxg2 26. Bxe5 Nxe5 27. Nxd6+ Kf8 28. Qxg2 Qc5+ 29. Rf2 Rc7 30. Nde4 Qa7 31. Rd8+ 1-0

[Event "Porto op"]
[Site "Porto"]
[Date "2015.07.15"]
[Round "4"]
[White "Santos Latasa, Jaime"]
[Black "Nottet, Tristan"]
[Result "1-0"]
[WhiteElo "2511"]
[BlackElo "1733"]
[PlyCount "71"]
[EventDate "2015.07.13"]
[EventType "swiss"]
[EventRounds "9"]
[EventCountry "POR"]
[SourceTitle "CBM 167 Extra"]
[Source "ChessBase"]
[SourceDate "2015.09.14"]
[SourceVersion "1"]
[SourceVersionDate "2015.09.14"]
[SourceQuality "1"]

1. d4 Nf6 2. c4 c5 3. e3 g6 4. Nc3 Bg7 5. g3 d5 6. dxc5 Qa5 7. Qa4+ Qxa4 8. Nxa4 Bd7 9. Nc3 dxc4 10. Bxc4 Bc6 11. Bb5 Nfd7 12. Bxc6 Nxc6 13. Bd2 Nxc5 14. Ke2 0-0 15. Nf3 Rfd8 16. Rhd1 Nd3 17. Rab1 a5 18. Ne1 Nc5 19. Nb5 Ne4 20. Bc3 Nxc3+ 21. bxc3 Rxd1 22. Rxd1 Rd8 23. Rb1 Rd7 24. Nd3 b6 25. Nd4 Rd6 26. Nb5 Rd7 27. Nb2 Rd5 28. Na4 f5 29. Nxb6 Rc5 30. Na4 Rc4 31. Nb2 Rc5 32. Nd3 Rc4 33. Kd2 e5 34. Nd6 Ra4 35. Rb2 e4 36. Nc5 1-0

[Event "Omegna op 1st"]
[Site "Omegna"]
[Date "2013.07.04"]
[Round "1"]
[White "Nottet, Tristan"]
[Black "Siclari, Giovanni"]
[Result "0-1"]
[WhiteElo "1715"]
[BlackElo "2054"]
[PlyCount "46"]
[EventDate "2013.07.04"]
[EventType "swiss"]
[EventRounds "6"]
[EventCountry "ITA"]
[SourceTitle "EXT 2014"]
[Source "ChessBase"]
[SourceDate "2013.11.20"]
[SourceVersion "1"]
[SourceVersionDate "2013.11.20"]
[SourceQuality "1"]

1. e4 c5 2. Nc3 e6 3. g3 d5 4. exd5 exd5 5. Bg2 Nf6 6. Nge2 d4 7. Ne4 Nxe4 8. Bxe4 Bd6 9. 0-0 0-0 10. d3 Nc6 11. Nf4 Ne5 12. h3 Rb8 13. a4 b6 14. Re1 Bb7 15. Nd5 Qd7 16. Qh5 f5 17. Bg2 Rbe8 18. Bd2 Bb8 19. Nf4 g6 20. Qd1 Bc6 21. Bh1 Rf7 22. c3 Bxh1 23. Kxh1 Qc6+ 0-1